| 000 | 00772nam a2200265 4500 | ||
|---|---|---|---|
| 001 | 16706 | ||
| 003 | BD-RjUL | ||
| 005 | 20211209000036.0 | ||
| 008 | 140215s1974 enka b 001 0 eng | ||
| 020 |
_a0091168902 _a0091168910 (pbk.) |
||
| 035 | _a(BD-RjUL)16761 | ||
| 040 |
_aDLC _cDLC _dDLC _beng |
||
| 041 | _aeng | ||
| 082 | 0 | 0 |
_a309.262 _bROI 1977 |
| 100 | 1 |
_aRoberts, Margaret. _951606 |
|
| 245 | 1 | 3 |
_aAn introduction to town planning techniques / _cMargaret Roberts |
| 260 |
_aLondon : _bHutchinson Educational, _cc1974 [Reprinted 1977]. |
||
| 300 |
_avii, 414 p. : _bill. ; _c22 cm. |
||
| 350 | _a£3.50 | ||
| 504 | _aIncludes bibliographies and index. | ||
| 650 | 0 |
_aCity planning. _951607 |
|
| 942 |
_2ddc _cBK |
||
| 999 |
_c16706 _d16706 |
||